Central Library OPAC University of Rajshahi

المنتخبات من المكتوبات / :[al muntakhabat min al maktubat] / (Record no. 79627)

MARC details
000 -LEADER
fixed length control field 01264nam a2200229 a 4500
003 - CONTROL NUMBER IDENTIFIER
rucl marc code BD-RjUL
005 - DATE AND TIME OF LATEST TRANSACTION
control field 20220328153447.0
008 - FIXED-LENGTH DATA ELEMENTS--GENERAL INFORMATION
fixed length control field 220327s1974 tu 000 0 ara d
035 ## - SYSTEM CONTROL NUMBER
System control number (BD-RjUL)
040 ## - CATALOGING SOURCE
Original cataloging agency BAR
Transcribing agency BD-RjUL
Language of cataloging eng
041 ## - LANGUAGE CODE
Language code of text/sound track or separate title ara
082 ## - DEWEY DECIMAL CLASSIFICATION NUMBER
Edition number 23
Classification number 297.4
Author mark and year SAM 1974
092 ## - LOCALLY ASSIGNED DEWEY CALL NUMBER (OCLC)
Classification number 297.4 SIR m
100 0# - MAIN ENTRY--PERSONAL NAME
Personal name أحمد سرهندي،[Ahmed Serhandi]
Dates associated with a name 1563-1624
9 (RLIN) 2102
245 12 - TITLE STATEMENT
Title المنتخبات من المكتوبات / :[al muntakhabat min al maktubat] /
Remainder of title معرب المكتوبات الشريفة المرسوم بالدرر المكنونات النفيسة /[Muʻarrab al-Maktūbāt al-sharīfah al-marsūm bi-al-Durar al-maknūnāt al-nafīsah]
Statement of responsibility, etc. لاحمد الفاروقي السرهندي ؛ [ترجمه] من الفارسية الى العربية محمد مراد بن عبد الله القازاني المكي. [Aḥmad al faruqi Sirhindī; Muḥammad Murād al-Manzalāwī Makkī]
260 ## - PUBLICATION, DISTRIBUTION, ETC. (IMPRINT)
Place of publication, distribution, etc. استانبول :[Istanbul: ]
Name of publisher, distributor, etc. مكتبة ايشيق،[maktabat ayshiq,]
Date of publication, distribution, etc. 1974.
300 ## - PHYSICAL DESCRIPTION
Pagination 2 م. ;
Size 23 س.
650 #4 - SUBJECT ADDED ENTRY--TOPICAL TERM
Topical term or geographic name as entry element Sufism
Form subdivision Early works to 1800
9 (RLIN) 176
Topical term or geographic name as entry element Islam
General subdivision Doctrines
9 (RLIN) 210
700 1# - ADDED ENTRY--PERSONAL NAME
Personal name [Al-Makki, Muhammad Murad Al-Manzalawi ]المكي، محمد مراد المنزلاوي
942 ## - ADDED ENTRY ELEMENTS (KOHA)
Source of classification or shelving scheme Dewey Decimal Classification
Koha item type Books
Holdings
Lost status Source of classification or shelving scheme Damaged status Not for loan Collection code Permanent Location Current Location Shelving location Date acquired Total Checkouts Full call number Date last seen Copy number Koha item type
  Dewey Decimal Classification   Not For Loan Non-fiction Central Library, University of Rajshahi Central Library, University of Rajshahi Reading Room 09/01/1980   A 297.4 SAM 1974 28/03/2022 C-1 Books